Instrumentos de Orquestra - Statistics

Estatísticas Gerais
  • Esse quiz foi jogado 2 425 vezes
  • A pontuação média é 13 de 34
Estatísticas das Respostas
Família Instrumento % Correto
Cordas Violino
97%
Teclas Piano
96%
Cordas Viola
93%
Madeiras Flauta
83%
Cordas Violoncelo
78%
Metais Trompete
71%
Cordas Contrabaixo
61%
Cordas Harpa
58%
Madeiras Clarinete
57%
Metais Trombone Baixo
56%
Metais Trombone Tenor
56%
Metais Tuba
49%
Teclas Celesta (ou Órgão)
46%
Percussão Pratos
45%
Percussão Triângulo
45%
Metais Trompa
40%
Percussão Xilofone
38%
Percussão Bumbo
36%
Madeiras Oboé
36%
Percussão Caixa Clara
27%
Percussão Caixa Tenor
27%
Madeiras Fagote
21%
Percussão Tímpano
21%
Madeiras Flautim
18%
Percussão Gongo
11%
Percussão Marimba
11%
Madeiras Clarone
9%
Madeiras Contrafagote
8%
Madeiras Corne-Inglês
8%
Percussão Sinos Tubulares
8%
Percussão Vibrafone
6%
Percussão Pandeireta
5%
Percussão Glockenspiel
4%
Percussão Bloco Sonoro
2%
Nenhum quiz correspondente encontrado
Distribuição das Pontuações
Porcentagem de Pessoas com Cada Pontuação
Percentil de Números Respondidos
Sua Pontuação Histórica
Você não jogou esse quiz